| 000 | 00702 a2200217 4500 | ||
|---|---|---|---|
| 003 | Nust | ||
| 005 | 20230125103808.0 | ||
| 010 | _a48007942 | ||
| 020 | _a0806503645 | ||
| 040 | _cNust | ||
| 082 | _a892.78,GIB | ||
| 100 |
_aGibran, Kahlil, _910190 |
||
| 245 |
_aSpirits rebellious : _bTranslanted from the Arabic / _cKahlil Gibran |
||
| 250 | _a1st American ed.] | ||
| 260 |
_aA. A. Knopf, _bNew York _c1948 |
||
| 300 |
_aix, 139 p.; _billus _c22 cm |
||
| 505 | _aMadame Rose Hanie (Page-1), The Cry of The Graves (Page-29), Khalil The Heretic (Page-47). | ||
| 600 |
_aGibran, Kahlil, _910190 |
||
| 650 |
_aSpirits rebellious; tr. from the Arabic, and with an introd _9107603 |
||
| 942 |
_2ddc _cBK |
||
| 999 |
_c185043 _d185043 |
||